[Event "AUTO-INT-1437"]
[Site "http://www.queenalice.com/game.php?id=647930"]
[Date "2009.9.5"]
[Round "1"]
[White "Prosperidade"]
[Black "OWhy"]
[Result "0-1"]
[WhiteElo "1637"]
[BlackElo "1825"]

1. d4 d5 2. c4 e6 3. cxd5 exd5 4. a3 Nc6 5. Nf3 Nf6 6. Nc3 Bd6 7. e3 O-O 8. Bd3
Bg4 9. O-O Qd7 10. h3 Bf5 11. Bxf5 Qxf5 12. Nb5 Rfe8 13. Nxd6 cxd6 14. Bd2 Qd7
15. Rc1 Rac8 16. Bc3 h6 17. Qa4 Rc7 18. Qd1 Ne7 19. Qe2 Rec8 20. Rfe1 Ne4 21.
Qd3 Qf5 22. Bd2 Nc6 23. Qe2 a6 24. b3 Qd7 25. b4 Na7 26. Rxc7 Rxc7 27. Ra1 Qa4
28. Rc1 Rc6 29. Rxc6 bxc6 30. Bc1 Nb5 31. Qb2 Qd1+ 32. Kh2 Nbc3 33. Bd2 Na4 34.
Qc1 Nxf2 35. Ne1 Nb6 36. Qxc6 Qxd2 0-1

[Event "AUTO-INT-1437"]
[Site "http://www.queenalice.com/game.php?id=647931"]
[Date "2009.9.5"]
[Round "1"]
[White "OWhy"]
[Black "lsdr"]
[Result "1-0"]
[WhiteElo "1549"]
[BlackElo "1509"]

1. e4 e5 2. Nf3 Nc6 3. Bb5 Nf6 4. Nc3 Bc5 5. O-O Ne7 6. Nxe5 c6 7. Be2 O-O 8. d4
Bd6 9. Bg5 Bxe5 10. dxe5 d5 11. exf6 gxf6 12. Bxf6 d4 13. Qc1 dxc3 14. Qh6 Nf5
15. Qg5+ Ng7 16. Qxg7# 1-0

[Event "AUTO-INT-1437"]
[Site "http://www.queenalice.com/game.php?id=647932"]
[Date "2009.9.5"]
[Round "1"]
[White "lsdr"]
[Black "OWhy"]
[Result "0-1"]
[WhiteElo "1463"]
[BlackElo "1678"]

1. d4 d5 2. e4 dxe4 3. d5 Nf6 4. Bc4 c6 5. d6 exd6 6. Nc3 d5 7. Be2 Bb4 8. Bf4
O-O 9. Nh3 d4 10. Be5 dxc3 11. bxc3 Ba5 12. Qxd8 Rxd8 13. Ng5 Re8 14. Bxf6 gxf6
15. h4 Bxc3+ 16. Kd1 Bxa1 17. Bc4 fxg5 18. hxg5 Rd8+ 19. Kc1 Bc3 20. g6 hxg6 21.
Rh6 Bd2+ 0-1

[Event "AUTO-INT-1451"]
[Site "http://www.queenalice.com/game.php?id=653948"]
[Date "2009.9.17"]
[Round "1"]
[White "kiruba"]
[Black "OWhy"]
[Result "0-1"]
[WhiteElo "1658"]
[BlackElo "1801"]

1. e4 c5 2. d4 cxd4 3. Qxd4 e6 4. Nf3 Nc6 5. Qd1 Nf6 6. Bg5 Be7 7. Nc3 h6 8.
Bxf6 Bxf6 9. Bb5 a6 10. Bxc6 bxc6 11. Qd2 d5 12. e5 Be7 13. O-O a5 14. a3 O-O
15. Rfe1 Qc7 16. Rab1 Ba6 17. h3 Bc5 18. b4 Be7 19. Ne2 Rfb8 20. Rec1 axb4 21.
axb4 Bxb4 22. c3 Be7 23. Rxb8+ Qxb8 24. Ned4 Qb7 25. Qc2 c5 26. Nb3 Bb5 27. Nfd2
Ba4 28. Qb1 Rb8 29. c4 Bxb3 30. Nxb3 Qxb3 31. Qxb3 Rxb3 32. cxd5 exd5 33. f4 c4
0-1

[Event "AUTO-INT-1451"]
[Site "http://www.queenalice.com/game.php?id=653949"]
[Date "2009.9.17"]
[Round "1"]
[White "OWhy"]
[Black "kiruba"]
[Result "1-0"]
[WhiteElo "1781"]
[BlackElo "1658"]

1. e4 e5 2. Nf3 Nc6 3. Bb5 Nf6 4. d3 d6 5. Nc3 Bd7 6. O-O a6 7. Ba4 b5 8. Bb3
Be7 9. Bg5 O-O 10. Bd2 Na5 11. h3 Nxb3 12. axb3 Qc8 13. Qe2 c5 14. Bg5 h6 15.
Bxf6 Bxf6 16. Nd5 Qb7 17. Nxf6+ gxf6 18. Nh4 Qc8 19. Qf3 Qd8 20. Qh5 Kh7 21. f4
Be6 22. Nf5 Bxf5 23. Qxf5+ Kg7 24. fxe5 fxe5 25. Rf3 f6 26. Rg3+ Kh8 27. Rg6 Rf7
28. Rxh6+ Kg8 29. Qh5 1-0

[Event "AUTO-INT-1451"]
[Site "http://www.queenalice.com/game.php?id=653969"]
[Date "2009.9.17"]
[Round "1"]
[White "kane"]
[Black "OWhy"]
[Result "0-1"]
[WhiteElo "1552"]
[BlackElo "1767"]

1. e4 c5 2. c4 Nc6 3. Nc3 g6 4. Nf3 Bg7 5. Bd3 b6 6. Na4 a6 7. Qb3 Rb8 8. O-O d6
9. Qd1 Bb7 10. Rb1 Nf6 11. Qb3 Nb4 12. Be2 Bxe4 13. Bd3 Bxd3 14. Nc3 b5 15. Ng5
bxc4 16. Qa4+ Qd7 17. Re1 Qxa4 18. Nxa4 Bxb1 0-1

[Event "AUTO-INT-1451"]
[Site "http://www.queenalice.com/game.php?id=720547"]
[Date "2010.1.26"]
[Round "2"]
[White "CSilva"]
[Black "OWhy"]
[Result "0-1"]
[WhiteElo "1898"]
[BlackElo "1914"]

1. e4 c5 2. f4 e6 3. Nf3 Nc6 4. Bb5 Nf6 5. Bxc6 bxc6 6. e5 Nd5 7. d3 Qa5+ 8. Bd2
Qb6 9. b3 c4 10. bxc4 Qb2 11. cxd5 Qxa1 12. d6 Qxa2 13. O-O g6 14. Nc3 Qa6 15.
Ne4 Bg7 16. Be1 Rb8 17. Bh4 Rb2 18. Bf6 O-O 19. Be7 Re8 20. Nf6+ Bxf6 21. Bxf6
Qa4 22. Qe1 Qxc2 23. Qg3 Qxd3 24. Qh3 h5 25. Qg3 Ba6 26. Re1 Re2 27. Bg5 Qe3+
28. Kh1 Rxe1+ 29. Qxe1 Qxe1+ 30. Nxe1 Rb8 31. Bh4 Rb4 32. Bg3 c5 33. Nf3 c4 34.
Bf2 c3 35. g3 Bb7 36. Kg2 Rb2 0-1

[Event "AUTO-INT-1451"]
[Site "http://www.queenalice.com/game.php?id=720548"]
[Date "2010.1.26"]
[Round "2"]
[White "OWhy"]
[Black "CSilva"]
[Result "1-0"]
[WhiteElo "1834"]
[BlackElo "1951"]

1. e4 c5 2. Bc4 Nc6 3. Nf3 d6 4. Nc3 e6 5. O-O Nf6 6. Re1 Be7 7. d3 O-O 8. h3 d5
9. Bb3 d4 10. Ne2 b6 11. Ba4 Bb7 12. c3 e5 13. Bxc6 Bxc6 14. Nxe5 Qc7 15. Nxc6
Qxc6 16. cxd4 cxd4 17. Nxd4 Qd7 18. Nf5 h6 19. Qf3 Bd8 20. Bxh6 gxh6 21. Qg3+
1-0

[Event "AUTO-INT-1451"]
[Site "http://www.queenalice.com/game.php?id=720549"]
[Date "2010.1.26"]
[Round "2"]
[White "DanizinhaBH"]
[Black "OWhy"]
[Result "0-1"]
[WhiteElo "1668"]
[BlackElo "1868"]

1. e4 c5 2. Nf3 e6 3. a3 Nc6 4. d3 Nf6 5. Bg5 h6 6. Bxf6 Qxf6 7. Nc3 d6 8. Qd2
a6 9. O-O-O Be7 10. Be2 O-O 11. h4 Nd4 12. Rh3 b5 13. Nxd4 cxd4 14. Na2 Qxf2 15.
g3 e5 16. g4 Bxh4 17. Rf1 Qxf1+ 18. Bxf1 Bg5 19. Qxg5 hxg5 0-1

[Event "AUTO-INT-1451"]
[Site "http://www.queenalice.com/game.php?id=720550"]
[Date "2010.1.26"]
[Round "2"]
[White "OWhy"]
[Black "DanizinhaBH"]
[Result "1-0"]
[WhiteElo "1859"]
[BlackElo "1668"]

1. e4 e5 2. Nf3 d6 3. Bc4 h6 4. d4 exd4 5. Qxd4 Nf6 6. O-O Nc6 7. Bb5 Bd7 8.
Bxc6 Bxc6 9. Re1 Be7 10. e5 Nh7 11. exd6 cxd6 12. Qxg7 Kd7 13. Qxf7 Bxf3 14.
Qxf3 Qc7 15. Nc3 Raf8 16. Nd5 Rxf3 17. Rxe7+ Kc6 18. Rxc7+ Kxd5 19. gxf3 Rb8 20.
Rxh7 Rg8+ 21. Kf1 Kd4 22. Be3+ 1-0

[Event "AUTO-INT-1437"]
[Site "http://www.queenalice.com/game.php?id=720651"]
[Date "2010.1.26"]
[Round "2"]
[White "Dean20"]
[Black "OWhy"]
[Result "0-1"]
[WhiteElo "1807"]
[BlackElo "1877"]

1. f3 e5 2. e4 Nf6 3. Nc3 Nc6 4. Nge2 d5 5. d3 d4 6. Nb1 Bb4+ 7. c3 Bd6 8. Qa4
O-O 9. cxd4 exd4 10. Nxd4 Nxd4 11. Be3 Bc5 12. Bd2 Nd7 13. Bc3 Ne5 14. Na3 Bd7
15. Qd1 Nexf3+ 16. gxf3 Qh4+ 17. Kd2 Qf4+ 18. Ke1 Nxf3+ 19. Ke2 Qe3# 0-1

[Event "AUTO-INT-1437"]
[Site "http://www.queenalice.com/game.php?id=720652"]
[Date "2010.1.26"]
[Round "2"]
[White "OWhy"]
[Black "Dean20"]
[Result "1-0"]
[WhiteElo "1891"]
[BlackElo "1793"]

1. e4 e5 2. Nf3 Nc6 3. Bc4 Bc5 4. a3 a5 5. c3 Nf6 6. d4 Bd6 7. dxe5 Bxe5 8. Ng5
O-O 9. f4 h6 10. Nxf7 Rxf7 11. Bxf7+ Kxf7 12. fxe5 Nxe5 13. Bf4 d6 14. Bxe5 Bg4
15. Bxf6 Bxd1 16. Bxd8 Rxd8 17. Kxd1 g5 18. Rf1+ Kg7 19. Nd2 d5 20. Kc2 c6 21.
exd5 Rxd5 22. Nc4 a4 23. Rad1 Rc5 24. Nb6 1-0

[Event "AUTO-INT-1437"]
[Site "http://www.queenalice.com/game.php?id=720657"]
[Date "2010.1.26"]
[Round "2"]
[White "zpawn"]
[Black "OWhy"]
[Result "0-1"]
[WhiteElo "1776"]
[BlackElo "1903"]

1. d4 Nf6 2. f3 c5 3. d5 e6 4. d6 Qb6 5. Bf4 Qxb2 6. Nd2 Nd5 7. Qb1 Qxb1+ 8.
Rxb1 Nxf4 9. Nc4 Nd5 10. Rb3 b6 11. e4 Nb4 12. e5 Nxc2+ 13. Kd1 Nb4 14. a3 Nd5
15. Nh3 f6 16. f4 Nc6 17. g4 Ba6 18. g5 Nd4 19. Rg3 Nf5 20. Rb3 Bxc4 21. Bxc4
Nde3+ 22. Kc1 Nxc4 23. gxf6 gxf6 24. a4 fxe5 25. Rf1 Nd4 26. Rg3 Ne2+ 27. Kb1
Nxg3 28. hxg3 Nd2+ 0-1

[Event "AUTO-INT-1437"]
[Site "http://www.queenalice.com/game.php?id=720658"]
[Date "2010.1.26"]
[Round "2"]
[White "OWhy"]
[Black "zpawn"]
[Result "0-1"]
[WhiteElo "1864"]
[BlackElo "1668"]

1. e4 e5 2. Nf3 d6 3. d4 Bg4 4. dxe5 Bxf3 5. gxf3 dxe5 6. Qxd8+ Kxd8 7. Nc3 Bb4
8. Bg5+ f6 9. O-O-O+ Nd7 10. Be3 c5 0-1

[Event "AUTO-ADV-1752"]
[Site "http://www.queenalice.com/game.php?id=770611"]
[Date "2010.5.4"]
[Round "1"]
[White "OWhy"]
[Black "MarcosT"]
[Result "0-1"]
[WhiteElo "1865"]
[BlackElo "1898"]

1. e4 c5 2. Bc4 Nc6 3. Nf3 e6 4. Nc3 a6 5. a4 Be7 6. d4 cxd4 7. Nxd4 h6 8. Nxc6
bxc6 9. e5 Bc5 10. Ne4 Ba7 11. Nd6+ Ke7 12. Qh5 Qf8 0-1

[Event "AUTO-ADV-1752"]
[Site "http://www.queenalice.com/game.php?id=770612"]
[Date "2010.5.4"]
[Round "1"]
[White "MarcosT"]
[Black "OWhy"]
[Result "1-0"]
[WhiteElo "1913"]
[BlackElo "1850"]

1. e4 c5 2. Bc4 Nc6 3. Nf3 e6 4. Nc3 g5 5. d3 g4 6. Ng5 h6 7. Nxf7 Kxf7 8. Qxg4
Nf6 9. Qg3 Rg8 10. Qf3 Nd4 11. Qd1 1-0

[Event "AUTO-ADV-1752"]
[Site "http://www.queenalice.com/game.php?id=770613"]
[Date "2010.5.4"]
[Round "1"]
[White "OWhy"]
[Black "Thanasis"]
[Result "0-1"]
[WhiteElo "1899"]
[BlackElo "1859"]

1. e4 c5 2. Nf3 Nc6 3. Bc4 e6 4. O-O Be7 5. Nc3 d6 6. d3 Nf6 7. Bf4 O-O 8. h3 d5
9. Bb3 Re8 10. Nb5 Rf8 0-1

[Event "AUTO-ADV-1752"]
[Site "http://www.queenalice.com/game.php?id=770614"]
[Date "2010.5.4"]
[Round "1"]
[White "Thanasis"]
[Black "OWhy"]
[Result "1-0"]
[WhiteElo "1877"]
[BlackElo "1881"]

1. d4 d5 2. c4 c6 3. Nc3 dxc4 4. e4 b5 5. Nf3 Nf6 6. Be2 h6 7. Be3 g5 8. O-O Bg7
9. a4 b4 10. e5 Nd5 11. Nxd5 1-0